| 000 | 00619nam a2200181 i 4500 | ||
|---|---|---|---|
| 001 | 69286 | ||
| 003 | ES-MaACL | ||
| 005 | 20230906170502.0 | ||
| 007 | t| | ||
| 008 | 040702s1982 sp ||||1| spa d | ||
| 020 | _a8486786-42-4 | ||
| 100 | 1 |
_aGarcía Arranz, Angel. _954189 |
|
| 245 | 1 | 0 |
_aTraducciones de español a inglés para estudiantes de primer nivel, con comentarios gramaticales y de uso de la lengua. _n1 / _cAngel García Arranz. |
| 260 |
_aMadrid : _bEDI-6, _c[1982] |
||
| 300 |
_a108 p. ; _c28 cm. |
||
| 650 | 4 |
_aLengua española- _xTraducción al inglés. _914190 |
|
| 852 |
_aES-MaACL _jP-588 _bR.115459 |
||
| 999 |
_c69286 _d69286 |
||